000 00435nam a2200169Ia 4500
008 230917s9999||||xx |||||||||||||| ||und||
020 _cRS190
040 _e226476
_aMAIN
041 _aEnglish
082 _a005.43 S16S
100 _aShalini, A C
245 0 _aSystem software
260 _aChennai
_bScitech Publications India
_c2013
300 _av. p.
500 _a2050 20/03/2015 RBP44836 25/03/2015 Main Budget
942 _cBK
999 _c15279
_d15279